| 000 -LEADER |
| fixed length control field |
00938nam a22002657a 4500 |
| 001 - CONTROL NUMBER |
| control field |
21802 |
| 003 - CONTROL NUMBER IDENTIFIER |
| control field |
BD-DhUAP |
| 005 - DATE AND TIME OF LATEST TRANSACTION |
| control field |
20230606124047.0 |
| 008 - FIXED-LENGTH DATA ELEMENTS--GENERAL INFORMATION |
| fixed length control field |
230404b1996 bg |||| |||| 001 0 eng d |
| 020 ## - INTERNATIONAL STANDARD BOOK NUMBER |
| International Standard Book Number |
9840513176 |
| 040 ## - CATALOGING SOURCE |
| Original cataloging agency |
DLC |
| Transcribing agency |
BD-DhUAP |
| Language of cataloging |
Eng |
| Modifying agency |
BD-DhUAP |
| 082 00 - DEWEY DECIMAL CLASSIFICATION NUMBER |
| Classification number |
891.440995492 MUR |
| Edition number |
21 |
| 100 ## - MAIN ENTRY--PERSONAL NAME |
| Personal name |
Murshid, Khan Sarwar |
| 245 00 - TITLE STATEMENT |
| Title |
Contemporary Bengali writing : |
| Remainder of title |
pre-Bangladesh period / |
| Statement of responsibility, etc. |
editor, Khan Sarwar Murshid. |
| 250 ## - EDITION STATEMENT |
| Edition statement |
2nd rev. ed. |
| 260 ## - PUBLICATION, DISTRIBUTION, ETC. |
| Place of publication, distribution, etc. |
Dhaka : |
| Name of publisher, distributor, etc. |
University Press, |
| Date of publication, distribution, etc. |
1996. |
| 300 ## - PHYSICAL DESCRIPTION |
| Extent |
viii, 169 p. ; |
| Dimensions |
22 cm. |
| 504 ## - BIBLIOGRAPHY, ETC. NOTE |
| Bibliography, etc. note |
Includes bibliographical references and index. |
| 650 #0 - SUBJECT ADDED ENTRY--TOPICAL TERM |
| Topical term or geographic name entry element |
Bengali literature |
| Geographic subdivision |
Bangladesh |
| General subdivision |
History and criticism |
| -- |
Congresses. |
| 650 #0 - SUBJECT ADDED ENTRY--TOPICAL TERM |
| Topical term or geographic name entry element |
Bengali literature |
| Chronological subdivision |
20th century |
| General subdivision |
History and criticism |
| -- |
Congresses. |
| 700 1# - ADDED ENTRY--PERSONAL NAME |
| Personal name |
Muraśida, Khāna Sāraoẏāra. |
| 710 2# - ADDED ENTRY--CORPORATE NAME |
| Corporate name or jurisdiction name as entry element |
Asiatic Society of Bangladesh. |
| 942 ## - ADDED ENTRY ELEMENTS (KOHA) |
| Source of classification or shelving scheme |
|
| Koha item type |
Book |